Statistiques concernant Carte - Les stations de métro à Londres

Cliquez ici pour prendre le quiz!

Statistiques générales

  • Ce quiz a été pris 20 fois
  • Le résultat moyen est 19 sur 309

Réponses sur la Carte

Les réponses sont colorées sur une échelle allant du rouge au vert en fonction du pourcentage des utilisateurs qui les ont devinées à leur premier essai. Vous pouvez retrouver ces pourcentages ci-dessous.
 

Statistiques - réponses

Station% Correct
King's Cross St. Pancras
60%
Victoria
53%
Waterloo
53%
Westminster
53%
Paddington
47%
Piccadilly Circus
47%
Covent Garden
40%
Heathrow Terminal 4 ✈
40%
Heathrow Terminal 5 ✈
40%
Heathrow Terminals 2 & 3 ✈
40%
Arsenal
33%
Brixton
33%
South Kensington
33%
Baker Street
27%
Camden Town
27%
Hammersmith
27%
Liverpool Street
27%
Temple
27%
West Ham
27%
Canary Wharf
20%
Cockfosters
20%
Ealing Broadway
20%
Earl's Court
20%
Elephant & Castle
20%
Green Park
20%
Greenwich
20%
Hyde Park Corner
20%
Kew Gardens
20%
Leicester Square
20%
Leyton
20%
Manor House
20%
Oxford Circus
20%
Tottenham Court Road
20%
Angel
13%
Arnos Grove
13%
Bank
13%
Battersea Power Station
13%
Blackhorse Road
13%
Borough
13%
Bounds Green
13%
East Ham
13%
Embankment
13%
Euston
13%
Finsbury Park
13%
Gunnersbury
13%
Holborn
13%
London Bridge
13%
Marylebone
13%
Notting Hill Gate
13%
Pimlico
13%
Richmond
13%
Russell Square
13%
Seven Sisters
13%
South Ealing
13%
St. James's Park
13%
Stockwell
13%
Tower Hill
13%
Turnham Green
13%
Upminster
13%
Uxbridge
13%
Vauxhall
13%
Walthamstow
13%
West Kensington
13%
Whitechapel
13%
Wimbledon
13%
Wood Green
13%
Acton Town
7%
Aldgate
7%
Aldgate East
7%
Barbican
7%
Barking
7%
Barons Court
7%
Beckton
7%
Beckton Park
7%
Bond Street
7%
Brent Cross
7%
Canada Water
7%
Canning Town
7%
Charing Cross
7%
Chiswick Park
7%
Clapham Common
7%
Clapham North
7%
Clapham South
7%
Custom House for ExCeL
7%
Ealing Common
7%
East Finchley
7%
East India
7%
Edgware
7%
Euston Square
7%
Finchley Road
7%
Gallions Reach
7%
Gloucester Road
7%
Hampstead
7%
High Barnet
7%
Highbury & Islington
7%
Highgate
7%
High Street Kensington
7%
Holloway Road
7%
Kennington
7%
Kentish Town
7%
Knightsbridge
7%
Lancaster Gate
7%
Lewisham
7%
Leytonstone
7%
Limehouse
7%
London City Airport ✈
7%
Mansion House
7%
Monument
7%
Moorgate
7%
Morden
7%
North Greenwich
7%
Old Street
7%
Pontoon Dock
7%
Prince Regent
7%
Ravenscourt Park
7%
Regent's Park
7%
Royal Albert
7%
Royal Victoria
7%
Shadwell
7%
Shepherd's Bush
7%
Shepherd's Bush Market
7%
Sloane Square
7%
Southwark
7%
South Wimbledon
7%
Stanmore
7%
Stratford
7%
Stratford High Street
7%
Swiss Cottage
7%
Tottenham Hale
7%
Tower Gateway
7%
Turnpike Lane
7%
Warren Street
7%
Watford
7%
Wembley Park
7%
West Finchley
7%
West Hampstead
7%
White City
7%
Abbey Road
0%
All Saints
0%
Alperton
0%
Amersham
0%
Archway
0%
Balham
0%
Barkingside
0%
Bayswater
0%
Becontree
0%
Belsize Park
0%
Bermondsey
0%
Bethnal Green
0%
Blackfriars
0%
Blackwall
0%
Boston Manor
0%
Bow Church
0%
Bow Road
0%
Bromley-by-Bow
0%
Buckhurst Hill
0%
Burnt Oak
0%
Caledonian Road
0%
Cannon Street
0%
Canons Park
0%
Chalfont & Latimer
0%
Chalk Farm
0%
Chancery Lane
0%
Chesham
0%
Chigwell
0%
Chorleywood
0%
Colindale
0%
Colliers Wood
0%
Crossharbour
0%
Croxley
0%
Cutty Sark
0%
Cyprus
0%
Dagenham East
0%
Dagenham Heathway
0%
Debden
0%
Deptford Bridge
0%
Devons Road
0%
Dollis Hill
0%
East Acton
0%
Eastcote
0%
East Putney
0%
Edgware Road
0%
Elm Park
0%
Elverson Road
0%
Epping
0%
Fairlop
0%
Farringdon
0%
Finchley Central
0%
Fulham Broadway
0%
Gants Hill
0%
Golders Green
0%
Goldhawk Road
0%
Goodge Street
0%
Grange Hill
0%
Great Portland Street
0%
Greenford
0%
Hainault
0%
Hanger Lane
0%
Harlesden
0%
Harrow-on-the-Hill
0%
Harrow & Wealdstone
0%
Hatton Cross
0%
Hendon Central
0%
Heron Quays
0%
Hillingdon
0%
Holland Park
0%
Hornchurch
0%
Hounslow Central
0%
Hounslow East
0%
Hounslow West
0%
Ickenham
0%
Island Gardens
0%
Kensal Green
0%
Kensington (Olympia)
0%
Kenton
0%
Kilburn
0%
Kilburn Park
0%
King George V
0%
Kingsbury
0%
Ladbroke Grove
0%
Lambeth North
0%
Langdon Park
0%
Latimer Road
0%
Loughton
0%
Maida Vale
0%
Marble Arch
0%
Mile End
0%
Mill Hill East
0%
Moor Park
0%
Mornington Crescent
0%
Mudchute
0%
Neasden
0%
Newbury Park
0%
Nine Elms
0%
North Acton
0%
North Ealing
0%
Northfields
0%
North Harrow
0%
Northolt
0%
North Wembley
0%
Northwick Park
0%
Northwood
0%
Northwood Hills
0%
Oakwood
0%
Osterley
0%
Oval
0%
Park Royal
0%
Parsons Green
0%
Perivale
0%
Pinner
0%
Plaistow
0%
Poplar
0%
Preston Road
0%
Pudding Mill Lane
0%
Putney Bridge
0%
Queensbury
0%
Queen's Park
0%
Queensway
0%
Rayners Lane
0%
Redbridge
0%
Rickmansworth
0%
Roding Valley
0%
Royal Oak
0%
Ruislip
0%
Ruislip Gardens
0%
Ruislip Manor
0%
Snaresbrook
0%
Southfields
0%
Southgate
0%
South Harrow
0%
South Kenton
0%
South Quay
0%
South Ruislip
0%
South Woodford
0%
Stamford Brook
0%
Star Lane
0%
Stepney Green
0%
St. John's Wood
0%
Stonebridge Park
0%
St. Paul's
0%
Stratford International
0%
Sudbury Hill
0%
Sudbury Town
0%
Theydon Bois
0%
Tooting Bec
0%
Tooting Broadway
0%
Totteridge & Whetstone
0%
Tufnell Park
0%
Upminster Bridge
0%
Upney
0%
Upton Park
0%
Wanstead
0%
Warwick Avenue
0%
Wembley Central
0%
West Acton
0%
Westbourne Park
0%
West Brompton
0%
Westferry
0%
West Harrow
0%
West India Quay
0%
West Ruislip
0%
West Silvertown
0%
Willesden Green
0%
Willesden Junction
0%
Wimbledon Park
0%
Woodford
0%
Wood Lane
0%
Woodside Park
0%
Woolwich Arsenal
0%

Distribution des résultats

Percentile par nombre de réponses

% des personnes avec chaque résultat

Votre développement - résultats

Vous n’avez pas pris ce quiz